Estatísticas para Distritos de Portugal

Clique aqui para jogar o quiz

Estatísticas Gerais

  • Esse quiz foi jogado 9 897 vezes
  • A pontuação média é 16 de 20

Respostas no mapa

Respostas codificadas por cores de uma escala verde-vermelha no mapa do quiz de acordo com a % correta abaixo.
 

Estatísticas das Respostas

Distrito% Correto
Lisboa
98%
Porto
97%
Braga
89%
Madeira
88%
Faro
86%
Açores
85%
Setúbal
82%
Coimbra
81%
Aveiro
78%
Bragança
78%
Beja
77%
Leiria
76%
Castelo Branco
72%
Viana do Castelo
72%
Évora
71%
Santarém
70%
Viseu
69%
Guarda
67%
Vila Real
65%
Portalegre
63%

Distribuição das Pontuações

Percentil de Números Respondidos

Porcentagem de Pessoas com Cada Pontuação

Sua Pontuação Histórica

Você não jogou esse quiz